000
00291cam a2200109ua 4500
100
_a
Lalithambika, Antharjanam.
245
_a
Agnisakshi /
_c
Lalithambika Antharjanam.
_h
Textual Documents
260
_a
Trissur :
_b
Current Books ,
_c
1962.
300
_a
; .
504
_a
999
_c
13565
_d
13565